Представление документа в формате MARC21

Поле Инд. ПП Название Значение
Тип записи a
Библиографический уровень m
001 Контрольный номер RU/LIBMSTU/274287518
005 Дата корректировки 20190729145608.3
020 00 a ISBN 5-93895-001-5
c Цена, тираж 45-00
084 a Индекс другой классификации/Индекс ББК 66.04
090 a Полочн. индекс 66
x Авторский знак П 12
100 10 a Автор Пайпс Р.
245 00 a Заглавие Собственность и свобода
c Ответственность пер. с англ. Д. Васильева
260 00 a Место издания Москва
b Издательство Моск. шк. полит. исслед.
c Дата издания 2000
440 00 a Серия Библиотека Московской школы политических исследований
650 _4 a Основная рубрика Политика-Теоретические основы
653 00 a Ключевые слова Власть
a Ключевые слова Государство
a Ключевые слова Политические институты
a Ключевые слова Политология
a Ключевые слова Свобода
a Ключевые слова Собственность
901 t Тип документа m
990 00 f Даты поступлений (DOS) 06.01